000 00451cam a2200193ua 4500
001 1273
008 110624n ii |||gr||||Z||||||eng
040 _cMAIN
082 _a330.954
245 1 _aIndian economics.
_cBy K K Dewett.
250 _a1st.
260 _aNew Delhi.:
_bS chand.,986.
300 _a648 p.:
_c20 cm.
653 _aEconomics.
653 _aIndian economics.
700 1 _aDewett, K K.,
700 1 _aVarma, J D.,
942 _cBK
999 _c1174
_d1174